000 00843nam a2200205 i 4500
001 33341
003 ES-MaACL
005 20240508152846.0
007 t|
008 030202s1935 sp ||||1| spa d
100 1 _aBesteiro, Julián,
_d1870-1940
_928619
245 1 0 _aMarxismo y antimarxismo
_b: discurso leído por Julián Besteiro en el acto de su recepción /
_cJulián Besteiro ; contestación del presidente de la República Niceto Alcalá-Zamora.
260 _aMadrid :
_b[s.n.,
_c1935] (
_fEst. tip. San Bernardo 82)
300 _a173 p. ;
_c25 cm.
500 _aPrecede al tít.: Academia de Ciencias Morales y Políticas.
700 1 _aAlcalá Zamora, Niceto,
_d1877-1949
_919473
710 2 _aReal Academia de Ciencias Morales y Políticas (España)
_9222050
852 _aES-MaACL
_j1800-F-2
999 _c33341
_d33341